Japonské systémy řízení

Saved in:
Bibliographic Details
Main Author: Marhoulová, Dagmar
Format: Book
Language:Czech
Published: Praha Svoboda 1989
Edition:1. vyd.
Subjects:
Tags: Add Tag
No Tags, Be the first to tag this record!

MARC

LEADER 00000nam a2200000 4500
001 c035539
005 20230105083736.5
041 0 |a cze 
044 |a CZ 
245 1 0 |a Japonské systémy řízení  |c Dagmar Marhoulová 
250 |a 1. vyd. 
264 1 |a Praha  |b Svoboda  |c 1989 
300 |a 275 s. 
610 2 0 |a systémy riadenia 
610 2 0 |a Japonsko 
100 1 |a Marhoulová, Dagmar